000 01081nam0a2200301 4500
001 RU\NLR\bibl\1461135
005 20260406081638.0
010 _a978-5-9921-0691-6
_97000
021 _aRU
_b2009-93750
_95934
021 _aRU
_b2011-15821
_91117
035 _a(nilc)RSL-KNO-004416889
035 _a(NLR Aleph) 001452901
090 _a1534461
_c1534461
100 _a20091120d2009 |||y0rusy50 ca
101 0 _arus
102 _aRU
105 _ay |||||||||
200 1 _aПолезные машины
_e[для чтения взрослыми детям
_fхудож.: Р. Исматуллаев]
210 _aМосква
_cЛинг-Книга
_d2009
_eРостов н/Д
_gРОНИиС-ПАК
215 _a[10] с.
_cцв. ил.
_d22
225 1 _aЧитаем с мамой
686 _aШ9:О33я6(2)
_2rubbk
702 1 _4040
_8rus
_7ca
_aИсматуллаев
_bР. А.
_cхудожник
_gРустам А.
_3RU\NLR\AUTH\7746086
_929021
801 0 _aRU
_bРГБ
_c20091120
_grcr
801 1 _aRU
_bРГБ
_c20091120
801 2 _aRU
_bNLR
_c20100114
_grcr
942 _cBOOK
980 _aNB